[Event "39th Citta Arco Open 2017"]
[Site "Arco"]
[Date "2017.10.11"]
[Round "5.1"]
[White "Horvath, Csaba"]
[Black "Gaprindashvili, Valeriane"]
[Result "1/2-1/2"]
[WhiteElo "2507"]
[BlackElo "2352"]
[Annotator "TA"]
[PlyCount "31"]
[EventDate "2017.??.??"]
[EventType "swiss"]
[EventCountry "ITA"]
[SourceTitle "playchess.com"]
[Source "ChessBase"]
[SourceQuality "1"]

{[%evp 21,29,0,22,0,0,-5,0,-8,-6,-4]} 1. d4 Nf6 2. c4 e6 3. Nf3 b6 4. g3 Ba6 5. b3 b5 6. cxb5 Bxb5 7. Bg2 Bb4+ 8. Bd2 a5 9. O-O d5 {E15: Queen's Indian: 4 g3 sidelines, 4 g3 Ba6 and 4 g3 Bb7 early deviations} 10. Nc3 Ba6 11. a3 Be7 {LiveBook: 6 Games. The position is equal.} 12. Re1 O-O 13. Ne5 Nfd7 14. Nxd7 Nxd7 15. e4 {[#]} {Predecessor:} dxe4 $146 16. Bxe4 {0-1 (62) Bacrot,E (2717)-Anand,V (2792) Wijk aan Zee 2006} 1/2-1/2

[Event "39th Citta Arco Open 2017"]
[Site "Arco"]
[Date "2017.10.11"]
[Round "5.2"]
[White "Almasi, Istvan"]
[Black "Kasparov, Sergey"]
[Result "1/2-1/2"]
[WhiteElo "2421"]
[BlackElo "2450"]
[Annotator "TA"]
[PlyCount "87"]
[EventDate "2017.??.??"]
[EventType "swiss"]
[EventCountry "ITA"]
[SourceTitle "playchess.com"]
[Source "ChessBase"]
[SourceQuality "1"]

{[%evp 15,87,31,46,53,60,58,55,-18,-17,-43,0,0,21,20,60,56,39,43,52,8,30,0,0,0,4,3,18,0,0,0,0,0,0,-3,0,0,0,0,0,0,0,0,0,0,0,0,0,0,0,0,4,0,0,0,0,0,0,0,0,0,0,0,0,0,0,0,0,0,0,0,0,0,0,0]} 1. d4 d6 2. e4 Nf6 3. Nc3 e5 4. Nf3 Nbd7 5. a4 Be7 6. Bc4 O-O 7. O-O c6 8. Ba2 b6 {[%cal Bb7b6,Bb6b5][%mdl 32]} 9. h3 {C41: Philidor Defence} a6 10. Be3 Bb7 11. Rb1 $146 ({White should try} 11. dxe5 $14 dxe5 12. Nh4) ({Predecessor:} 11. dxe5 dxe5 12. Nd2 b5 13. g4 Nc5 14. Qf3 Qc7 15. a5 Ne6 16. g5 Nd7 17. Bxe6 fxe6 {0-1 (25) Hambartsumian,Y (2378)-Bocharov,D (2600) Moscow 2008}) 11... b5 $11 12. b4 Qc7 13. Re1 bxa4 14. Qd3 a5 15. b5 $1 cxb5 16. Nxb5 Qc8 17. Qa3 exd4 ({Reject} 17... Nxe4 $6 18. dxe5 Ra6 19. Rbd1 $16) (17... Re8 $5 {[%cal Rb7e4]}) 18. Nfxd4 {[#] Hoping for Nf5.} Bxe4 {The position is equal.} ({But not} 18... Nxe4 $2 19. Nf5 $18) 19. Bf4 Qc5 20. f3 Bd5 21. Rxe7 {aiming for c4.} Qxa3 22. Nxa3 Bxa2 23. Rb2 Be6 24. Bxd6 Rfe8 25. c4 Rac8 26. Rb7 Rxe7 27. Bxe7 Ne5 ({Not} 27... Bxc4 $2 28. Bxf6 gxf6 29. Rxd7 $18) 28. c5 Bd5 29. Rb5 {[#] And now c6 would win.} Nc6 30. Bxf6 gxf6 31. Nxc6 Bxc6 32. Rxa5 {[%mdl 4096] Endgame KRB-KRN} Kf8 33. Nc2 Ra8 34. Rxa8+ Bxa8 {KB-KN} 35. Kf2 Ke7 36. Ke3 Ke6 {Black wants to play ...Kd5.} 37. Kd4 Kf5 38. Nb4 Kf4 39. c6 {[%cal Bc5c6,Bc6c7][%mdl 32]} Kg3 40. c7 Bb7 41. Nd5 {Strongly threatening Ne7.} Kxg2 42. Nxf6 Kxf3 (42... a3 $5 43. Kc3 $8 Kxf3 $11) 43. Nxh7 f5 44. Ng5+ {Precision: White = 75%, Black = 69%.} 1/2-1/2

[Event "39th Citta Arco Open 2017"]
[Site "Arco"]
[Date "2017.10.11"]
[Round "5.3"]
[White "Vezzosi, Paolo"]
[Black "Petrov, Nikita"]
[Result "0-1"]
[WhiteElo "2299"]
[BlackElo "2564"]
[Annotator "TA"]
[PlyCount "126"]
[EventDate "2017.??.??"]
[EventType "swiss"]
[EventCountry "ITA"]
[SourceTitle "playchess.com"]
[Source "ChessBase"]
[SourceQuality "1"]

{[%evp 21,126,0,0,0,0,-4,-1,-11,-9,-6,-7,-5,-6,-18,3,-10,-10,-23,-23,-18,-5,-6,32,-16,-4,-4,-10,-14,-10,-10,0,0,0,0,0,0,0,0,0,0,0,0,0,0,0,0,0,-17,-2,-10,0,0,0,0,0,0,0,0,0,0,0,-5,0,0,0,-172,-180,-132,-94,-129,-101,-145,-120,-173,-174,-171,-145,-284,-68,-108,-50,-57,0,0,0,0,0,0,0,0,0,0,0,0,0,0,0,0,0,0,0,0,0,0,0,-12844,-12844]} 1. e4 e5 2. Nf3 Nc6 3. Bb5 a6 4. Bxc6 dxc6 5. Nc3 f6 6. d4 exd4 7. Qxd4 Qxd4 8. Nxd4 Bd6 9. Nde2 Ne7 10. Bf4 Be6 11. O-O-O O-O-O {LiveBook: 9 Games} 12. Bxd6 {C68: Ruy Lopez: Exchange Variation, sidelines} (12. f3) 12... cxd6 13. Rd2 Kc7 14. Re1 $146 {The position is equal.} ({Predecessor:} 14. Rhd1 Bf7 15. Ng3 Rhe8 16. f3 Be6 17. Nh5 Rg8 18. Ne2 Bf7 19. Nhf4 g5 {½-½ (52) Hillgarter,C (1885)-Karl,H (2275) Liechtenstein 1997}) 14... Rhe8 15. Nf4 Bf7 16. h4 b5 17. b3 Nc8 18. Rde2 Nb6 19. Nd3 a5 20. f3 b4 21. Nd1 c5 22. c4 bxc3 23. Nxc3 c4 24. bxc4 Nxc4 25. Nf4 Rb8 26. Ncd5+ Kd7 27. Rc2 Rec8 28. Rd1 Nb6 29. Nxb6+ Rxb6 30. Rxc8 Kxc8 $11 {[%mdl 4096] Endgame KRB-KRN} 31. Nd5 Rc6+ 32. Kb2 {Hoping for Ne7+.} Kd7 33. Rd4 Rc5 34. Nc3 Kc6 35. Rd2 Rc4 36. Nd5 Be6 37. h5 h6 38. g4 Kc5 39. Ne3 Rb4+ 40. Kc1 Ra4 41. Nf5 $1 Bxf5 42. gxf5 {KR-KR} Ra3 43. Rf2 $2 {[#]} (43. Rg2 $11) 43... Kd4 $1 $19 44. Kb2 Re3 45. Rf1 Ke5 46. Rg1 Rxf3 47. Rxg7 Kxe4 48. Rg6 Kxf5 49. Rxh6 (49. a4 $17 {is the only way for White.}) 49... Rh3 $2 (49... a4 $19 50. Rh8 a3+ 51. Kc2 Kg5) 50. Rh8 $15 Kf4 (50... d5 $17 51. h6 a4) 51. h6 f5 (51... d5 $15) 52. h7 $11 d5 53. Kc2 a4 {[#]} 54. a3 $1 {[%mdl 512]} Kf3 (54... Rxa3 55. Rb8) 55. Kd3 f4 56. Kd4 Rh5 57. Kd3 Rh1 58. Kd2 d4 59. Kd3 Rd1+ 60. Kc2 Rh1 61. Kd3 Rh4 62. Kxd4 Kf2 63. Rf8 $2 {[%mdl 8192]} (63. Ke5 $11) 63... f3+ {Precision: White = 55%, Black = 58%.} 0-1

[Event "39th Citta Arco Open 2017"]
[Site "Arco"]
[Date "2017.10.11"]
[Round "5.4"]
[White "Dittmar, Peter"]
[Black "Romanishin, Oleg M"]
[Result "1/2-1/2"]
[WhiteElo "2266"]
[BlackElo "2463"]
[Annotator "TA"]
[PlyCount "48"]
[EventDate "2017.??.??"]
[EventType "swiss"]
[EventCountry "ITA"]
[SourceTitle "playchess.com"]
[Source "ChessBase"]
[SourceQuality "1"]

{[%evp 9,48,-22,-11,-33,-21,-18,-18,-27,0,0,0,-9,0,-8,18,18,23,20,20,20,31,17,29,6,26,15,23,15,18,0,0,-16,-7,-2,0,0,0,0,0,0,0]} 1. d4 Nf6 2. Nc3 d5 3. Bf4 e6 4. e3 Bd6 (4... Bb4 5. Nge2 O-O 6. a3 Bd6 7. Ng3 c5 8. dxc5 Bxc5 9. Bd3 Nc6 10. O-O Bd6 11. Bg5 h6 12. Bxf6 Qxf6 {0-1 (74) Navara,D (2734)-Wojtaszek,R (2734) Berlin 2015}) 5. Bg3 O-O 6. Nf3 {D00: 1 d4 d5: Unusual lines} c5 7. dxc5 Bxc5 8. Bd3 Nc6 $146 ({Predecessor:} 8... a6 9. O-O Nc6 10. Na4 Be7 11. h3 b5 12. Nc3 Bb7 13. a3 Qb6 14. Qe2 Na5 {½-½ (61) Carvalho,L (2133)-Andersen,R ICCF email 2008}) 9. O-O Bd6 10. Bxd6 Qxd6 11. e4 dxe4 12. Nxe4 Qe7 13. Nxf6+ Qxf6 14. c3 Rd8 15. Qc2 g6 16. Rad1 Bd7 17. Rfe1 Be8 18. Be4 Rxd1 {The position is equal.} 19. Rxd1 Rd8 20. h3 Rxd1+ 21. Qxd1 Qf4 22. Bc2 Ne5 23. Nd4 Nc4 24. b3 Nd6 {Precision: White = 67%, Black = 50%.} 1/2-1/2

[Event "39th Citta Arco Open 2017"]
[Site "Arco"]
[Date "2017.10.11"]
[Round "5.5"]
[White "Sprotte, Norbert"]
[Black "Bruno, Fabio"]
[Result "1-0"]
[WhiteElo "2154"]
[BlackElo "2449"]
[Annotator "TA"]
[PlyCount "133"]
[EventDate "2017.??.??"]
[EventType "swiss"]
[EventCountry "ITA"]
[SourceTitle "playchess.com"]
[Source "ChessBase"]
[SourceQuality "1"]

{[%evp 21,133,0,0,-11,-2,-16,-6,0,0,-16,0,0,54,-84,-86,-82,-83,-77,-84,-63,-36,-184,-122,-113,-87,-163,-145,-202,-151,-147,-150,-144,-137,-142,-72,-92,-107,-113,-94,-129,-84,-89,0,0,0,0,0,0,0,0,0,-32,0,0,0,0,0,0,0,0,0,0,0,-14,0,0,0,0,0,0,0,0,0,0,0,0,0,0,0,0,0,0,0,0,0,0,0,0,45,42,36,-8,0,0,0,0,0,0,0,0,0,0,93,0,0,0,0,0,0,0,0,0,29989,29990]} 1. d4 Nf6 2. Nf3 b6 3. e3 Bb7 4. Bd3 e6 5. O-O d5 6. b3 Bd6 7. Bb2 O-O 8. c4 Nbd7 9. Nc3 a6 10. Qe2 Ne4 11. Rac1 f5 {LiveBook: 5 Games. E14: Queen's Indian: Classical Variation (4 e3)} 12. Ne1 $146 ({Predecessor:} 12. Bb1 Qe7 13. Nxe4 dxe4 14. Ne5 Nxe5 15. dxe5 Bc5 16. Rcd1 Bc6 17. Bd4 Bb4 18. Qc2 Be8 19. f3 exf3 20. gxf3 {0-1 (38) Mi,Q (2106)-Xu,Y (2446) Qinhuangdao 2017}) 12... Qe7 13. f4 dxc4 {The position is equal.} 14. bxc4 c5 15. g3 cxd4 $40 {[%mdl 128] Black is up to no good.} 16. exd4 {[%cal Rc3e4] [#]} e5 (16... Ndc5 $1 $11 {[%mdl 512]}) 17. Nd5 ({Of course not} 17. fxe5 $6 Nxe5 18. Bxe4 fxe4 $15) (17. Bxe4 $14 {keeps the upper hand.} fxe4 18. c5 (18. fxe5 Nxe5 19. c5 Rxf1+ 20. Qxf1 Rf8 $15) 18... bxc5 19. dxe5 Nxe5 20. fxe5 Bxe5 21. Nd1) 17... Bxd5 $1 $17 18. fxe5 {[#]} Nxe5 $1 19. cxd5 (19. dxe5 Bc5+) 19... Nxd3 20. Nxd3 Qf7 21. Rc6 (21. Ne5 $1 $15 Bxe5 22. dxe5 Qxd5 23. Rc7) 21... Qxd5 (21... b5 $19 22. Qc2 Qxd5) 22. Rxb6 Rae8 23. Qg2 (23. Qc2 $17) 23... Qc4 $19 24. Nf4 {[#]} (24. Rb3 $17) 24... Bc5 $1 {[%mdl 512]} 25. Rb7 (25. dxc5 Qxc5+) 25... Bxd4+ 26. Bxd4 Qxd4+ 27. Kh1 Nc5 (27... g5 $142 28. Nh3 Rb8) 28. Rbb1 Rd8 29. Qf3 Rfe8 30. Rfe1 h6 31. Qc6 Re4 {[#]} (31... Ne4 $17 {aiming for ...Qd6.} 32. Ne6 Qd2 33. Nxd8 Nf2+ 34. Kg1 Rxe1+ 35. Rxe1 Nh3+ 36. Kh1 Nf2+ 37. Kg1 Nh3+ 38. Kh1 Qxe1+ 39. Kg2 Ng5 40. Qd5+ Kh8 41. Nf7+ Nxf7 42. Qxf7 Qe4+ 43. Kf2 Kh7) 32. Red1 $1 $11 {[%cal Rd1d4][%mdl 512]} Qxd1+ 33. Rxd1 Rxd1+ 34. Kg2 Rd2+ 35. Kh3 Nd7 36. Qg6 Nf8 (36... Nf6 {feels hotter.} 37. Qxf5 Re8 38. Qg6 Rd6 39. Nh5 Re7) 37. Qxf5 Re7 (37... Re8 {seems wilder.} 38. Qa5 Rd6 39. Qc5 Red8 40. Qc4+ Kh8) 38. Qc8 Rd6 39. Qc4+ Kh8 40. Qc8 Kg8 41. Qc4+ Kh7 42. Qc8 Rf7 (42... Ne6 {with more complications.} 43. Qc2+ Kg8 44. Qc8+ Kf7 45. Qc4 Rc7) 43. Qc2+ Kh8 44. Qc8 Rdf6 45. a4 Kh7 46. Qc2+ g6 47. Nd5 Rf2 48. Qe4 Kg8 49. Nf4 g5 50. Nd3 (50. Qe3 {keeps more tension.} Rc2 51. Nd5 Rcf2 52. Ne7+ Kh7 53. Qd3+) 50... R2f6 51. Ne5 Re6 52. Qd4 Rf5 53. Nd3 Kh7 54. Kg4 Kg6 {Strongly threatening ...h5+.} 55. Qh8 $1 {[%cal Rh8g8][%mdl 1024] Intending Qg8+ and mate. White has compensation.} Re4+ 56. Kh3 (56. Nf4+ $5 Rfxf4+ 57. gxf4 Rxf4+ 58. Kg3 $16) 56... Ne6 57. Qe8+ Kg7 {Threatens to win with ...Nf4+!} 58. Qd7+ Rf7 59. Qc6 Re3 60. Nc5 Nf4+ 61. Kg4 {Ne4 is the strong threat.} Ng6 {[#]} (61... Re5 $11 62. gxf4 Rxf4+ 63. Kg3 Re3+ 64. Kg2 Re2+ 65. Kg1 Re1+ 66. Kg2 Re2+ 67. Kg1 Re1+ 68. Kg2 Re2+) 62. Kh5 (62. Ne6+ $1 $16 Kh7 63. Kh5) 62... Rf6 63. Qd7+ Re7 64. Qd4 {Hoping for Nd7.} Ne5 65. Ne4 Rf5 66. Nd6 g4+ $2 {[%mdl 8192]} (66... Rf6 $11) 67. Nxf5+ {Precision: White = 55%, Black = 48%.} 1-0

[Event "39th Citta Arco Open 2017"]
[Site "Arco"]
[Date "2017.10.11"]
[Round "5.6"]
[White "Vebic, Kasem"]
[Black "Okhotnik, Vladimir"]
[Result "0-1"]
[WhiteElo "2145"]
[BlackElo "2432"]
[Annotator "TA"]
[PlyCount "74"]
[EventDate "2017.??.??"]
[EventType "swiss"]
[EventCountry "ITA"]
[SourceTitle "playchess.com"]
[Source "ChessBase"]
[SourceQuality "1"]

{[%evp 12,74,18,12,8,5,20,-14,-27,-29,-20,-68,-51,-54,-46,-75,-60,-72,-41,-76,-60,-77,-81,-95,-48,-49,-56,-81,-66,-138,-30,-61,-1,0,0,-110,-37,-323,-209,-209,-197,-332,-309,-581,-563,-641,-652,-641,-634,-742,-705,-1317,-1229,-1640,-1578,-1545,-1013,-29992,-29989,-29989,-29990,-29990,-29991,-29991,-29992]} 1. Nf3 Nf6 2. g3 d5 3. Bg2 c6 4. O-O Bf5 5. d3 e6 6. Nbd2 Be7 7. Nh4 {LiveBook: 3 Partien. A07: Barcza-System (Königsfianchetto mit möglichen Übergängen in andere Systeme)} (7. b3 h6 8. Bb2 O-O 9. Re1 Bh7 10. e4 a5 11. a3 Na6 12. Qe2 Nc5 13. Rad1 Nfd7 14. Nf1 Bf6 15. e5 Be7 16. Ne3 Re8 17. Nd2 Nf8 18. f4 Ncd7 19. Kh1 {1-0 (43) Sasikiran,K (2639)-Burmakin,V (2549) Benasque 2016}) 7... Bg4 8. c3 O-O 9. f4 $146 {Die Stellung ist ausgeglichen.} ({Vorgänger:} 9. h3 Bh5 10. g4 Nfd7 11. Nhf3 Bg6 12. e4 Na6 13. Nd4 Nac5 14. Qe2 e5 15. Nc2 {0-1 (25) Sonnberger,T (2180)-Wallner,J (2321) Austria 2016}) 9... Nbd7 10. Qe1 a5 (10... h6 {feels hotter.} 11. Nb3 a5 12. Nd4 Bh5 13. h3 Ne8) 11. d4 Bf5 (11... a4 {is more complex.} 12. e3 Qb6 13. Qf2 Qa6 14. Re1 Rfe8) 12. Nxf5 exf5 13. Nf3 Ne4 14. Ne5 Nd6 15. Kh1 Nf6 16. b3 a4 17. Ba3 Nfe4 18. c4 f6 {zielt auf ...axb3 ab.} 19. cxd5 axb3 $1 20. Bxd6 {[#]} (20. axb3 $15 fxe5 21. dxe5 Rxa3 22. Rxa3) 20... Bxd6 (20... b2 $1 $17 {[%cal Rb2a1]} 21. Rb1 Qxd6 22. Bxe4 fxe4) 21. Nc4 b2 (21... bxa2 $15 22. dxc6 b5) 22. Rb1 $11 cxd5 23. Ne3 (23. Nxd6 $11 Qxd6 24. Rxb2) 23... Ba3 ({Besser ist} 23... Qb6 $17 {...Tfc8 ist eine echte Drohung.} 24. Bxe4 fxe4) 24. Nxf5 $2 {[%mdl 8192]} ({Lieber} 24. Nc2 $1 $15) 24... Rc8 25. Bxe4 {Und Dd1 würde nun gewinnen.} dxe4 26. Qd1 {[#]} (26. Qd2 $142) 26... Rc3 $1 $19 27. Qa4 $2 (27. Qd2 Qc7 28. Ne3) 27... g6 28. Nh6+ Kg7 29. Ng4 Qd5 30. e3 Rfc8 31. Nf2 Rxe3 32. Kg1 Rc1 33. Qe8 Re2 34. Ng4 e3 {Schwarz setzt Matt.} 35. Nxe3 Qxd4 36. Rbxc1 bxc1=Q 37. Rxc1 Rxe3 {Precision: Weiß = 19%, Schwarz = 36%.} ({Schlechter ist} 37... Bxc1 38. Qe7+ Kg8 39. Qe8+ Kg7 40. Qe7+ Kg8 41. Qe8+ Kg7 $11) 0-1

[Event "39th Citta Arco Open 2017"]
[Site "Arco"]
[Date "2017.10.11"]
[Round "5.7"]
[White "Lezzerini, Marco"]
[Black "Molnar, Bela"]
[Result "1/2-1/2"]
[WhiteElo "2142"]
[BlackElo "2290"]
[Annotator "NA"]
[PlyCount "119"]
[EventDate "2017.??.??"]
[EventType "swiss"]
[EventCountry "ITA"]
[SourceTitle "playchess.com"]
[Source "ChessBase"]
[SourceQuality "1"]
[TimeControl "40/5400+30:1800+30"]

1. d4 {[%emt 0:00:30]} Nf6 {[%emt 0:01:00]} 2. c4 {[%emt 0:00:00]} d6 {[%emt 0:00:30]} 3. Nc3 {[%emt 0:00:00]} Nbd7 {[%emt 0:00:00]} 4. Nf3 {[%emt 0:01:30]} g6 {[%emt 0:00:00]} 5. g3 {[%emt 0:00:30]} Bg7 {[%emt 0:00:30]} 6. Bg2 {[%emt 0:00:00]} O-O {[%emt 0:00:30]} 7. O-O {[%emt 0:00:00]} e5 {[%emt 0:00:30]} 8. e4 {[%emt 0:00:30]} exd4 {[%emt 0:00:00]} 9. Nxd4 {[%emt 0:00:00]} Re8 {[%emt 0:00:00]} 10. h3 {[%emt 0:00:00]} a6 {[%emt 0:02:30] LiveBook: 725 Games} 11. Be3 {[%emt 0:00:30]} Rb8 {[%emt 0:00:00]} 12. b3 {[%emt 0:00:30]} Nc5 {[%emt 0:05:00]} 13. Qc2 {[%emt 0:00:30]} Bd7 {[%emt 0:00:30]} 14. Rad1 {[%emt 0:02:30]} Qc8 {[%emt 0:02:30]} 15. Kh2 {[%emt 0:00:30]} h6 {[%emt 0:03:30]} (15... b5 $1 $11 {remains equal.}) 16. Rfe1 {[%emt 0:09:30]} (16. b4 $16 Ne6 17. f4) 16... Ne6 {[%emt 0:02:30]} 17. f4 {[%emt 0:07:30]} Nxd4 {[%emt 0:06:30]} 18. Bxd4 {[%emt 0:00:30]} Bc6 {[%emt 0:02:30]} 19. Nd5 {[%emt 0:32:30]} Nd7 {[%emt 0:01:30]} 20. Bxg7 {[%emt 0:01:30]} Kxg7 {[%emt 0:00:30]} 21. Qc3+ {[%emt 0:00:00]} f6 {[%emt 0:00:30]} 22. h4 {[%emt 0:04:00]} Qd8 {[%emt 0:01:30]} 23. Bh3 {[%emt 0:01:30]} Rf8 {[%emt 0:08:30]} 24. Bxd7 {[%emt 0:05:30]} Qxd7 {[%emt 0:03:30]} 25. e5 {[%emt 0:13:11]} Bxd5 {[%emt 0:01:30]} 26. exf6+ {[%emt 0:01:25]} Rxf6 {[%emt 0:01:30]} 27. cxd5 {[%emt 0:00:02]} Kf7 {[%emt 0:00:30]} 28. Rd2 {[%emt 0:03:26]} Re8 {[%emt 0:05:30]} 29. Rxe8 {[%emt 0:00:15]} Qxe8 {[%emt 0:00:30]} 30. Qxc7+ {[%emt 0:00:05]} Qe7 {[%emt 0:00:00]} 31. Rc2 {[%emt 0:02:48]} Rf5 {[%emt 0:01:00]} 32. Qc8 {[%emt 0:03:23]} Kf6 {[%emt 0:00:30]} 33. Qc3+ {[%emt 0:00:39]} Kf7 {[%emt 0:00:30]} 34. Qc8 {[%emt 0:00:09]} Kf6 {[%emt 0:00:30]} 35. Qh8+ {[%emt 0:01:09]} Qg7 {[%emt 0:00:00]} 36. Qxg7+ {[%emt 0:01:52]} Kxg7 {[%emt 0:00:00]} 37. Rc7+ {[%emt 0:04:01]} Kf6 {[%emt 0:00:30]} 38. Rxb7 {[%emt 0:00:23]} Rxd5 {[%emt 0:00:00]} 39. Rb6 {[%emt 0:01:30]} Rd2+ {[%emt 0:01:00]} 40. Kh3 {[%emt 0:02:05]} Rxa2 {[%emt 0:33:30]} 41. Rxd6+ {[%emt 0:30:28]} Kg7 {[%emt 0:02:30]} 42. Rd7+ {[%emt 0:03:02]} Kf6 {[%emt 0:00:00]} 43. Rd6+ {[%emt 0:00:04]} Kg7 {[%emt 0:00:00]} 44. Rb6 {[%emt 0:00:00]} h5 {[%emt 0:00:00]} 45. g4 {[%emt 0:00:00]} hxg4+ {[%emt 0:00:00]} 46. Kxg4 {[%emt 0:00:00]} Rg2+ {[%emt 0:00:00]} 47. Kf3 {[%emt 0:00:00]} Rh2 {[%emt 0:00:00]} 48. Rxa6 {[%emt 0:00:00]} Rh3+ {[%emt 0:00:00]} 49. Kg4 {[%emt 0:00:00]} Rxb3 {[%emt 0:00:00]} 50. h5 {[%emt 0:00:00]} gxh5+ {[%emt 0:00:00]} 51. Kxh5 {[%emt 0:00:00]} Rg3 {[%emt 0:00:00]} 52. Ra5 {[%emt 0:00:00]} Kf6 {[%emt 0:00:00]} 53. Ra8 {[%emt 0:00:00]} Kf7 {[%emt 0:00:00]} 54. Ra6 {[%emt 0:00:00]} Rg1 {[%emt 0:00:00]} 55. Ra5 {[%emt 0:00:00]} Kf6 {[%emt 0:00:00]} 56. Rg5 {[%emt 0:00:00]} Rh1+ $11 {[%emt 0:00:00]} 57. Kg4 {[%emt 0:00:00]} Rg1+ {[%emt 0:00:00]} 58. Kf3 {[%emt 0:00:00]} Rxg5 {[%emt 0:00:00]} 59. fxg5+ {[%emt 0:00:00]} Kxg5 {[%emt 0:00:00]} 60. Ke4 {[%emt 0:00:00]} 1/2-1/2

[Event "39th Citta Arco Open 2017"]
[Site "Arco"]
[Date "2017.10.11"]
[Round "5.8"]
[White "Lochte, Thomas"]
[Black "Luciani, Carlo"]
[Result "1-0"]
[WhiteElo "2139"]
[BlackElo "2261"]
[Annotator "ChessBase"]
[PlyCount "95"]
[EventDate "2017.??.??"]
[EventType "swiss"]
[EventCountry "ITA"]
[SourceTitle "playchess.com"]
[Source "ChessBase"]
[SourceQuality "1"]
[TimeControl "40/5400+30:1800+30"]

1. e4 {[%emt 0:00:30]} e5 {[%emt 0:03:00]} 2. Nf3 {[%emt 0:00:00]} Nc6 {[%emt 0:00:30]} 3. Bc4 {[%emt 0:00:00]} Bc5 {[%emt 0:00:30]} 4. b4 {[%emt 0:00:30]} Bxb4 {[%emt 0:00:30]} 5. c3 {[%emt 0:00:00]} Be7 {[%emt 0:00:30]} 6. d4 {[%emt 0:00:00]} Na5 {[%emt 0:01:30]} 7. Be2 {[%emt 0:02:30]} exd4 {[%emt 0:01:30]} 8. Qxd4 {[%emt 0:00:00]} Kf8 {[%emt 0:01:30]} 9. O-O {[%emt 0:04:00]} Nc6 {[%emt 0:00:30]} 10. Qd3 {[%emt 0:06:30]} d6 {[%emt 0:01:30]} 11. Bf4 {[%emt 0:05:30]} Bf6 {[%emt 0:07:30]} 12. Nbd2 {[%emt 0:05:30]} Nge7 {[%emt 0:06:30]} 13. Nc4 {[%emt 0:00:30]} Ng6 {[%emt 0:06:30]} 14. Bg3 {[%emt 0:01:30]} h5 {[%emt 0:03:30]} 15. h3 {[%emt 0:04:30]} Qe7 {[%emt 0:03:30]} 16. Nxd6 {[%emt 0:01:30]} Nge5 {[%emt 0:04:30]} 17. Nxe5 {[%emt 0:07:30]} Nxe5 {[%emt 0:05:30]} 18. Nxc8 {[%emt 0:03:30]} Rxc8 {[%emt 0:00:00]} 19. Qe3 {[%emt 0:01:30]} Qa3 {[%emt 0:03:00]} 20. Rfb1 {[%emt 0:03:30]} b6 {[%emt 0:03:30]} 21. Rb3 {[%emt 0:03:30]} Qe7 {[%emt 0:01:30]} 22. Rd1 {[%emt 0:10:30]} g6 {[%emt 0:06:30]} 23. f4 {[%emt 0:02:30]} Nd7 {[%emt 0:03:30]} 24. e5 {[%emt 0:00:00]} Nc5 {[%emt 0:03:30]} 25. Qf2 {[%emt 0:00:00]} Bg7 {[%emt 0:01:30]} 26. Bh4 {[%emt 0:05:30]} Qe6 {[%emt 0:02:30]} 27. Rb4 {[%emt 0:01:30]} Kg8 {[%emt 0:03:30]} 28. g4 {[%emt 0:07:30]} Qxa2 {[%emt 0:06:30]} 29. gxh5 {[%emt 0:03:30]} Ne6 {[%emt 0:06:40]} 30. Bg3 {[%emt 0:08:31]} Bf8 {[%emt 0:01:25]} 31. hxg6 {[%emt 0:03:53]} Bc5 {[%emt 0:00:49]} 32. gxf7+ {[%emt 0:00:21]} Kf8 {[%emt 0:01:20]} 33. Rbd4 {[%emt 0:00:03]} Qc2 {[%emt 0:02:01]} 34. Kg2 {[%emt 0:01:22]} Qxc3 {[%emt 0:01:22]} 35. Rc4 {[%emt 0:00:50]} Qb2 {[%emt 0:03:55]} 36. Qf3 {[%emt 0:00:05]} Nd4 {[%emt 0:00:50]} 37. Rcxd4 {[%emt 0:00:50]} Bxd4 {[%emt 0:00:04]} 38. Qg4 {[%emt 0:02:41]} Rb8 {[%emt 0:02:28]} 39. Bf2 {[%emt 0:01:16]} c5 {[%emt 0:01:07]} 40. Bxd4 {[%emt 0:01:00]} cxd4 {[%emt 0:30:03]} 41. f5 {[%emt 0:30:51]} d3 {[%emt 0:00:59]} 42. Rxd3 {[%emt 0:02:12]} Qxe5 {[%emt 0:00:14]} 43. Rg3 {[%emt 0:03:11]} Qd5+ {[%emt 0:00:00]} 44. Kh2 {[%emt 0:00:00]} Qe5 {[%emt 0:00:00]} 45. f6 {[%emt 0:00:00]} Qxf6 {[%emt 0:00:00]} 46. Qb4+ {[%emt 0:00:00]} Kxf7 {[%emt 0:00:00]} 47. Rf3 {[%emt 0:00:00]} Qxf3 {[%emt 0:00:00]} 48. Bxf3 {[%emt 0:00:00]} 1-0

[Event "39th Citta Arco Open 2017"]
[Site "Arco"]
[Date "2017.10.11"]
[Round "5.9"]
[White "Ruecker, Benjamin"]
[Black "Valenti, Giuseppe"]
[Result "0-1"]
[WhiteElo "2261"]
[BlackElo "2149"]
[Annotator "NA"]
[PlyCount "68"]
[EventDate "2017.??.??"]
[EventType "swiss"]
[EventCountry "ITA"]
[SourceTitle "playchess.com"]
[Source "ChessBase"]
[SourceQuality "1"]
[TimeControl "40/5400+30:1800+30"]

1. c4 e6 2. Nf3 Nf6 3. Nc3 d5 4. d4 Be7 5. Bf4 O-O 6. e3 c5 7. dxc5 {LiveBook: 2477 Games} Bxc5 8. Qc2 Qa5 9. a3 Nc6 10. Rd1 Be7 11. Be2 {D37: Queen's Gambit Declined: 5 Bf4} a6 12. Nd2 Qb6 13. Nb3 dxc4 $146 ({Predecessor:} 13... h6 14. Na4 Qd8 15. O-O Bd6 16. c5 Bc7 17. Bxc7 Qxc7 18. Nd2 e5 19. Nb6 {½-½ (38) Kunte,A (2550)-Shetty,R (2369) Visakhapatnam 2004}) 14. Bxc4 e5 15. Bg5 Bg4 16. Rd2 Be6 17. Bxe6 fxe6 18. O-O Rac8 19. Nc1 Na5 20. Nd3 Nc4 21. Re2 e4 22. Nf4 Rfd8 23. Qb1 Nd2 24. Qa2 Kf7 25. Rc1 h6 26. Bxf6 Bxf6 27. Ree1 Bxc3 28. bxc3 Qb3 29. Qa1 b5 30. Ne2 Nc4 31. Ng3 Nd2 32. Nf1 Rd3 33. Nxd2 Rxd2 $19 34. a4 Ra2 0-1